[Event "Ruhrgebiet VL,VK 9900 Relegation3"]
[Site "Ruhrgebiet"]
[Date "2000.06.04"]
[Round "?"]
[White "Heimsoth, Holger"]
[Black "Hamburg, Daniel"]
[Result "0-1"]
[WhiteElo "2054"]
[BlackElo "1857"]
[PlyCount "80"]
[EventDate "2000.??.??"]
[EventType "team-tourn"]
[EventRounds "3"]
[EventCountry "GER"]
[SourceTitle "EXT 2024"]
[Source "ChessBase"]
[SourceDate "2023.10.10"]
[SourceVersion "1"]
[SourceVersionDate "2023.10.10"]
[SourceQuality "1"]
[WhiteTeam "Muelheim Nord III"]
[BlackTeam "Buer Hassel"]
[WhiteTeamCountry "GER"]
[BlackTeamCountry "GER"]

1. Nf3 Nf6 2. g3 d5 3. Bg2 c6 4. b3 Bg4 5. Bb2 Nbd7 6. 0-0 e6 7. d3 Be7 8. Nbd2 0-0 9. c4 Re8 10. Qc2 Bf8 11. e4 dxe4 12. Nxe4 Nxe4 13. dxe4 e5 14. Rad1 Qc7 15. a3 a5 16. Rd2 Nc5 17. Rfd1 Bxf3 18. Bxf3 Qb6 19. Bg2 Nxb3 20. Re2 a4 21. Kh1 Rad8 22. Rxd8 Qxd8 23. f4 Nd4 24. Bxd4 Qxd4 25. Re1 Rd8 26. fxe5 Qd2 27. Qxd2 Rxd2 28. Bh3 Bxa3 29. Ra1 Rd3 30. e6 f6 31. Rb1 Rb3 32. Rd1 Be7 33. Rd7 Kf8 34. Rc7 Rd3 35. Rxb7 a3 36. Ra7 Rd2 37. Bg4 g6 38. c5 a2 39. Ra8+ Kg7 40. Ra7 Kh6 0-1